000 00721nam a22002291c 4500
001 a987689118
008 180306s1975 gw |||| 000u ger d
020 _a3590181125
_93-590-18112-5
041 _ager
100 1 _aSchlumbohm, Jürgen
245 0 0 _aFreiheit :
_bdie Anfänge der bürgerlichen Emanzipationsbewegung in Deutschland im Spiegel ihres Leitwortes (ca. 1760 - ca. 1800)
264 _aDüsseldorf :
_bSchwann,
_c1975
500 _aZugl: Bochum, Diss. 1971
650 0 _aBürgertum
650 0 _aEmanzipation
650 0 _aFreiheit
651 0 _aDeutschland
942 _cMG
040 _cRU-10907106
003 RU-10907106
999 _c49167
_d49167
490 0 _aGeschichte und Gesellschaft : bochumer historische Studien
_v12